| 000 | 00926nac a22002291u 4500 | ||
|---|---|---|---|
| 010 | _a2003270283 | ||
| 020 | _a8120322576 | ||
| 020 | _a8120322576 | ||
| 082 | 0 | 0 |
_a621.395 _bR112 |
| 090 |
_c906 _d906 |
||
| 100 | _aRabaey, Jan M. | ||
| 245 | 1 | 0 |
_aDigital integrated circuits : _ba design perspective / _cJan M. Rabaey, Anantha Chandrakasan, Borivoje NikolicĂ?. |
| 250 | _a2nd ed. | ||
| 260 |
_aNew Delhi : _bPrentice Hall of India, _c2003. |
||
| 300 |
_axxii, 761 p., [4] p. of plates : _bill. ; _c24 cm. |
||
| 504 | _aIncludes bibliographical references and index. | ||
| 650 | 0 |
_aDigital integrated circuits _xDesign and construction. |
|
| 700 | 1 | _aChandrakasan, Anantha P. | |
| 700 | 1 |
_aNikolicĂ?, Borivoje, _cAssistant Professor. |
|
| 942 |
_cBB _k621.395R112 |
||
| 999 |
_c906 _d906 |
||